01448nam a2200265Ia 4500003000400000005001700004008004100021020001800062040002100080041000800101082002300109100004100132245014500173250002100318260006200339300007700401504004000478505028400518520021500802650002101017650002701038650003201065700003601097700004901133OSt20210824102541.0210310s2014 sp ad gr 000 0 spa d a9788473569880 aCO-JMCRcCO-JMCR0 aspa04a338.5 /bF866p2231 aFreire Rubio, Maria Teresa, eautora10aPracticas y conceptos básicos de microeconomía / cMaría Teresa Freire Rubio, Raimundo Viejo Rubio, Francisco José Blanco jiménez  a4ª. edición.  aMadrid, España : bUniversidad Rey Juan Carlos, c2014. a159 páginas : bilustraciones y gráficas en blanco y negro ;c24 cm. aBibliografía : páginas 157-159.0 aComportamiento de los consumidores. -- Comportamiento de los productores. -- Un lugar de encuentro para el intercambio. -- Mercado de competencia perfecta. -- Monopolio. -- Oligopolio. -- Oligopolio y competencia monopolística. -- Fallos de mercado e intervención pública. 0 aEl presente libro pretende cumplir la función de apoyo a los manuales de introducción a la microeconomía elemental, utilizados por aquellos que por primera vez se enfrentan con el estudio de esta materia.14aMicroeconomía 24aProblemas y ejercicios24aMicroeconomíaxProblemas.1 aViejo Rubio, Raimundo, eautor1 aBlanco Jiménez, Francisco José, eautor